Muscles : (Record no. 4904)
[ view plain ]
| 000 -LEADER | |
|---|---|
| fixed length control field | 00919nam a22002897a 4500 |
| 001 - CONTROL NUMBER | |
| control field | 4904 |
| 003 - CONTROL NUMBER IDENTIFIER | |
| control field | FISKH |
| 005 - DATE AND TIME OF LATEST TRANSACTION | |
| control field | 20250827091423.0 |
| 008 - FIXED-LENGTH DATA ELEMENTS--GENERAL INFORMATION | |
| fixed length control field | 241023b cb ||||| |||| 00| 0 eng d |
| 020 ## - INTERNATIONAL STANDARD BOOK NUMBER | |
| International Standard Book Number | 0439078075 |
| 040 ## - CATALOGING SOURCE | |
| Original cataloging agency | FISKH |
| Language of cataloging | eng |
| Transcribing agency | FISKH |
| Modifying agency | FISKH |
| 050 ## - LIBRARY OF CONGRESS CALL NUMBER | |
| Classification number | QP321.S4858 |
| 082 ## - DEWEY DECIMAL CLASSIFICATION NUMBER | |
| Classification number | 612.74 |
| 100 ## - MAIN ENTRY--PERSONAL NAME | |
| Personal name | Simon, Seymour |
| 245 ## - TITLE STATEMENT | |
| Title | Muscles : |
| Remainder of title | Our Muscular System / |
| Statement of responsibility, etc. | by Seymour Simon |
| 250 ## - EDITION STATEMENT | |
| Edition statement | First Scholastic printing, September 1999 |
| 260 ## - PUBLICATION, DISTRIBUTION, ETC. | |
| Place of publication, distribution, etc. | New York : |
| Name of publisher, distributor, etc. | Scholastic ; |
| Date of publication, distribution, etc. | 1998 . |
| 300 ## - PHYSICAL DESCRIPTION | |
| Extent | 32 unnumbered pages : |
| Other physical details | color illustrations ; |
| Dimensions | 24 cm . |
| 490 ## - SERIES STATEMENT | |
| Series statement | Human Body |
| 505 ## - FORMATTED CONTENTS NOTE | |
| Formatted contents note | Z <br/> |
| 520 ## - SUMMARY, ETC. | |
| Summary, etc. | Describes the nature and work of muscles, the different kinds, and the effects of exercise and other activities on them. |
| 521 8# - TARGET AUDIENCE NOTE | |
| Target audience note | 1030 <br/> |
| Source | Lexile <br/> |
| 521 8# - TARGET AUDIENCE NOTE | |
| Target audience note | Z <br/> |
| Source | Raz-Plus <br/> |
| 650 ## - SUBJECT ADDED ENTRY--TOPICAL TERM | |
| Topical term or geographic name entry element | muscular system |
| Form subdivision | non-fiction |
| 942 ## - ADDED ENTRY ELEMENTS (KOHA) | |
| Source of classification or shelving scheme | Dewey Decimal Classification |
| Koha item type | Books |
| Suppress in OPAC | No |
| Withdrawn status | Lost status | Source of classification or shelving scheme | Damaged status | Not for loan | Collection | Home library | Current library | Shelving location | Date acquired | Total Checkouts | Full call number | Barcode | Date last seen | Price effective from | Koha item type | Copy number |
|---|---|---|---|---|---|---|---|---|---|---|---|---|---|---|---|---|
| Dewey Decimal Classification | Non-Fiction | Footprints International School Library Network Toul Tom Poung Campus | Footprints International School Library Network Toul Tom Poung Campus | TTP Secondary Non-Fiction Bookshelves | 10/23/2024 | SIM 612.74 QP321.S4858 | FIS05534 | 10/23/2024 | 10/23/2024 | Books | ||||||
| Dewey Decimal Classification | Non-Fiction | Footprints International School Library Network Toul Tom Poung Campus | Footprints International School Library Network Toul Tom Poung Campus | TTP Secondary Non-Fiction Bookshelves | 08/26/2025 | SIM 612.74 QP321.S4858 | FISSE01268 | 08/26/2025 | 08/26/2025 | Books | 2 | |||||
| Dewey Decimal Classification | Non-Fiction | Footprints International School Library Network Toul Tom Poung Campus | Footprints International School Library Network Toul Tom Poung Campus | TTP Secondary Non-Fiction Bookshelves | 08/27/2025 | SIM 612.74 QP321.S4858 | FISTK04940 | 08/27/2025 | 08/27/2025 | Books | 3 |
